| 000 | 00686cab a2200253 4500 | ||
|---|---|---|---|
| 001 | X283 | ||
| 008 | 090401t1992 xxu||||| |||| 00| 0 eng d | ||
| 035 | _a(Sirsi) u64859 | ||
| 041 | _aeng | ||
| 100 | _aDevereux, B. | ||
| 245 | _aUse of vector digitising systems for GIS data capture | ||
| 260 | _c1992 | ||
| 350 | _a0 | ||
| 490 |
_aMapping Awareness _v6(9) November 1992, 14-23(7) |
||
| 650 | _aDATA CAPTURE | ||
| 650 | _aDIGITAL MAPPING | ||
| 650 | _aDIGITISING TECHNOLOGY | ||
| 650 | _aGIS | ||
| 650 | _aRASTER-BASED SYSTEMS | ||
| 650 | _aVECTOR-BASED SYSTEMS | ||
| 690 | _aMANAGEMENT-BUSINESS MANAGEMENT-INFORMATION MANAGEMENT | ||
| 942 | _n0 | ||
| 948 | _c04/03/1997 | ||
| 999 |
_c40405 _d40405 |
||